[Event "ROM-ch U10 Boys"]
[Site "Voineasa"]
[Date "2008.04.15"]
[Round "6"]
[White "Savin, Nicolae"]
[Black "Hoha, Mihai"]
[Result "0-1"]
[WhiteElo "401"]
[BlackElo "401"]
[PlyCount "36"]
[EventDate "2008.04.08"]
[EventType "swiss"]
[EventRounds "9"]
[EventCountry "ROU"]
[SourceTitle "EXT 2013"]
[Source "ChessBase"]
[SourceDate "2012.11.22"]
[SourceVersion "1"]
[SourceVersionDate "2012.11.22"]
[SourceQuality "1"]

1. e4 c5 2. Nf3 a6 3. Bc4 b5 4. Bd5 Nc6 5. d3 Nf6 6. Nc3 b4 7. e5 bxc3 8. exf6 e6 9. fxg7 Bxg7 10. Bxc6 dxc6 11. bxc3 Bxc3+ 12. Bd2 Bxa1 13. Qxa1 Rg8 14. 0-0 Qd5 15. Be3 Qxf3 16. g3 c4 17. dxc4 c5 18. Bxc5 Bb7 0-1